E-commerce servers and evaluating their performance for internet marketing purposes
Pohľad na históriu a vývoj v oblasti elektronického obchodovania so zameraním na predajné servery. Význam webovej analytiky ako nástroja k pochopeniu správania návštevníkov na stránkach, ako nástroja k meraniu výkonnosti predajných serverov a ako základ formovania stratégie internetového marketingu...
Na minha lista:
| Autor principal: | |
|---|---|
| Formato: | Capítulo de Livro |
| Idioma: | inglês |
| Assuntos: | |
| Tags: |
Sem tags, seja o primeiro a adicionar uma tag!
|
MARC
| LEADER | 00000naa a2200000 4500 | ||
|---|---|---|---|
| 001 | 0123641 | ||
| 005 | 20231128130834.6 | ||
| 041 | 0 | |a eng | |
| 044 | |a CZ | ||
| 245 | 1 | 0 | |a E-commerce servers and evaluating their performance for internet marketing purposes |c Kateřina Uhlářová |
| 520 | |a Pohľad na históriu a vývoj v oblasti elektronického obchodovania so zameraním na predajné servery. Význam webovej analytiky ako nástroja k pochopeniu správania návštevníkov na stránkach, ako nástroja k meraniu výkonnosti predajných serverov a ako základ formovania stratégie internetového marketingu. | ||
| 610 | 2 | 0 | |a internet |
| 610 | 2 | 0 | |a technológie informačné |
| 610 | 2 | 0 | |a správanie spotrebiteľa |
| 610 | 2 | 0 | |a marketing |
| 610 | 2 | 0 | |a podnikanie elektronické |
| 100 | 1 | |a Uhlářová, Kateřina | |